Mrs. Caldwell habla con su hijo

Guardat en:
Dades bibliogràfiques
Autor principal: Cela, Camilo José (Autor)
Format: Llibre
Idioma:espanyol
Publicat: Pamplona Salvat Editores 1970
Edició:1a. ed
Col·lecció:Biblioteca Básica Salvat, 64
Matèries:
Etiquetes: Afegir etiqueta
Sense etiquetes, Sigues el primer a etiquetar aquest registre!

MARC

LEADER 00000cam a2200000 a 4500
001 UCE3100
003 CL-VaPUC
008 140814e19700000sp |||||||||||||||||spa|d
082 0 4 |a 863  |b CEL  |2 21 
100 0 |a Cela, Camilo José  |e author  |9 320105 
245 1 0 |a Mrs. Caldwell habla con su hijo 
250 |a 1a. ed 
300 |a 183 p 
942 |c BK 
945 |d 20140814 14:58:00  |a arojas 
260 |a Pamplona  |b Salvat Editores  |c 1970 
500 |a Prólogo de Jorge C. Trulock 
650 0 |a Novelas españolas  |9 265052 
650 0 |a Literatura española  |9 306261 
583 |a last modification  |c 20140814 14:58:00  |k Rodrigo Vera 
490 0 |a Biblioteca Básica Salvat, 64 
999 |c 356549  |d 356547 
952 |0 0  |1 0  |3 erb  |4 0  |6 863_000000000000000_CEL_1970  |7 0  |8 A  |9 463996  |a BIBEDU  |b BIBEDU  |i 5006899  |o 863 CEL 1970  |p 5006899  |r 2019-11-23  |w 2019-11-23  |y BK  |z Catalogado en:20140814  |k LIT